000 00720nam a22002297a 4500
003 UA-OsUOA
001 23197
007 ta
008 20040114b un ||||| |||| 00| 0 ukr d
090 _a264-1
_bК78
942 _cBK
040 _aUA-OsUOA
_brus
_cUA-OsUOA
_dUA-OsUOA
245 _aКраткое объяснение Всенощной, Литургии или Обедни, последований таинств, погребения усопших, водосвящения и молебнов
_cСост. И.Бухарев
300 _a192 с.
955 _a0
041 _arus
080 _a264-1
260 _aМосква
_b"Мэттэм"
_c1991
044 _aRU
650 7 _2UDC
999 _c309440
_d309440